<?xml version="1.0" encoding="UTF-8"?>
<record
    xmlns:xsi="http://www.w3.org/2001/XMLSchema-instance"
    xsi:schemaLocation="http://www.loc.gov/MARC21/slim http://www.loc.gov/standards/marcxml/schema/MARC21slim.xsd"
    xmlns="http://www.loc.gov/MARC21/slim">

  <leader>00565nam a22001337a 4500</leader>
  <datafield tag="040" ind1=" " ind2=" ">
    <subfield code="c">RUA</subfield>
  </datafield>
  <datafield tag="082" ind1=" " ind2=" ">
    <subfield code="a">LMA TY 2015 B498 Or.1</subfield>
  </datafield>
  <datafield tag="100" ind1=" " ind2=" ">
    <subfield code="a">TY SARUN; &#x1791;&#x17B8; &#x179F;&#x17B6;&#x179A;&#x17BB;&#x1793;</subfield>
  </datafield>
  <datafield tag="245" ind1=" " ind2=" ">
    <subfield code="a">Study on land use planning in kirivong district, takeo province; &#x1780;&#x17B6;&#x179A;&#x179F;&#x17B7;&#x1780;&#x17D2;&#x179F;&#x17B6;&#x17A2;&#x17C6;&#x1796;&#x17B8;&#x1795;&#x17C2;&#x1793;&#x1780;&#x17B6;&#x179A;&#x1794;&#x17D2;&#x179A;&#x17BE;&#x1794;&#x17D2;&#x179A;&#x17B6;&#x179F;&#x17CB;&#x178A;&#x17B8;&#x1793;&#x17C5;&#x1791;&#x17B8;&#x1794;&#x17D2;&#x179A;&#x1787;&#x17BB;&#x17C6;&#x1787;&#x1793; &#x1793;&#x17C5;&#x179F;&#x17D2;&#x179A;&#x17BB;&#x1780;&#x1782;&#x17B7;&#x179A;&#x17B8;&#x179C;&#x1784;&#x17CB; &#x1781;&#x17C1;&#x178F;&#x17D2;&#x178F;&#x178F;&#x17B6;&#x1780;&#x17C2;&#x179C;</subfield>
  </datafield>
  <datafield tag="260" ind1=" " ind2=" ">
    <subfield code="a">Phnom Penh</subfield>
    <subfield code="b">RUA</subfield>
    <subfield code="c">2015</subfield>
  </datafield>
  <datafield tag="300" ind1=" " ind2=" ">
    <subfield code="a">xi;46p.</subfield>
    <subfield code="b">ill.</subfield>
    <subfield code="c">29cm.</subfield>
  </datafield>
  <datafield tag="856" ind1=" " ind2=" ">
    <subfield code="u">TY SARUN</subfield>
  </datafield>
  <datafield tag="942" ind1=" " ind2=" ">
    <subfield code="c">LMA</subfield>
  </datafield>
  <datafield tag="999" ind1=" " ind2=" ">
    <subfield code="c">8344</subfield>
    <subfield code="d">8344</subfield>
  </datafield>
  <datafield tag="952" ind1=" " ind2=" ">
    <subfield code="0">0</subfield>
    <subfield code="1">0</subfield>
    <subfield code="2">ddc</subfield>
    <subfield code="4">0</subfield>
    <subfield code="6">LMA_TY_2015_000000000000000_B498_OR_1</subfield>
    <subfield code="7">0</subfield>
    <subfield code="9">48042</subfield>
    <subfield code="a">LBB</subfield>
    <subfield code="b">LBB</subfield>
    <subfield code="c">B498</subfield>
    <subfield code="d">2016-07-05</subfield>
    <subfield code="l">9</subfield>
    <subfield code="m">1</subfield>
    <subfield code="o">LMA TY 2015 B498 Or.1</subfield>
    <subfield code="p">RUA058312</subfield>
    <subfield code="r">2022-08-29</subfield>
    <subfield code="s">2022-08-19</subfield>
    <subfield code="w">2016-07-05</subfield>
    <subfield code="y">LMA</subfield>
  </datafield>
  <datafield tag="952" ind1=" " ind2=" ">
    <subfield code="0">0</subfield>
    <subfield code="1">0</subfield>
    <subfield code="2">ddc</subfield>
    <subfield code="4">0</subfield>
    <subfield code="6">LMA_TY_2015_000000000000000_B498_OR_2</subfield>
    <subfield code="7">0</subfield>
    <subfield code="9">48043</subfield>
    <subfield code="a">LBB</subfield>
    <subfield code="b">LBB</subfield>
    <subfield code="c">B498</subfield>
    <subfield code="d">2016-07-05</subfield>
    <subfield code="l">6</subfield>
    <subfield code="o">LMA TY 2015 B498 Or.2</subfield>
    <subfield code="p">RUA058075</subfield>
    <subfield code="r">2024-05-10</subfield>
    <subfield code="s">2024-03-15</subfield>
    <subfield code="w">2016-07-05</subfield>
    <subfield code="y">LMA</subfield>
  </datafield>
  <datafield tag="952" ind1=" " ind2=" ">
    <subfield code="0">0</subfield>
    <subfield code="1">0</subfield>
    <subfield code="2">ddc</subfield>
    <subfield code="4">0</subfield>
    <subfield code="6">LMA_TY_2015_000000000000000_B498_OR_3</subfield>
    <subfield code="7">0</subfield>
    <subfield code="9">48044</subfield>
    <subfield code="a">LBB</subfield>
    <subfield code="b">LBB</subfield>
    <subfield code="c">B498</subfield>
    <subfield code="d">2016-07-05</subfield>
    <subfield code="l">5</subfield>
    <subfield code="o">LMA TY 2015 B498 Or.3</subfield>
    <subfield code="p">RUA058107</subfield>
    <subfield code="r">2023-08-08</subfield>
    <subfield code="s">2023-07-25</subfield>
    <subfield code="w">2016-07-05</subfield>
    <subfield code="y">LMA</subfield>
  </datafield>
  <datafield tag="952" ind1=" " ind2=" ">
    <subfield code="0">0</subfield>
    <subfield code="1">0</subfield>
    <subfield code="2">ddc</subfield>
    <subfield code="4">0</subfield>
    <subfield code="6">LMA_TY_2015_000000000000000_B498_OR_4</subfield>
    <subfield code="7">0</subfield>
    <subfield code="9">48045</subfield>
    <subfield code="a">LBB</subfield>
    <subfield code="b">LBB</subfield>
    <subfield code="c">B498</subfield>
    <subfield code="d">2016-07-05</subfield>
    <subfield code="l">4</subfield>
    <subfield code="o">LMA TY 2015 B498 Or.4</subfield>
    <subfield code="p">RUA058255</subfield>
    <subfield code="r">2023-03-24</subfield>
    <subfield code="s">2023-02-10</subfield>
    <subfield code="w">2016-07-05</subfield>
    <subfield code="y">LMA</subfield>
  </datafield>
  <datafield tag="952" ind1=" " ind2=" ">
    <subfield code="0">0</subfield>
    <subfield code="1">0</subfield>
    <subfield code="2">ddc</subfield>
    <subfield code="4">0</subfield>
    <subfield code="6">LMA_TY_2015_000000000000000_B498_OR_5</subfield>
    <subfield code="7">0</subfield>
    <subfield code="9">48046</subfield>
    <subfield code="a">LBB</subfield>
    <subfield code="b">LBB</subfield>
    <subfield code="c">B498</subfield>
    <subfield code="d">2016-07-05</subfield>
    <subfield code="l">4</subfield>
    <subfield code="m">1</subfield>
    <subfield code="o">LMA TY 2015 B498 Or.5</subfield>
    <subfield code="p">RUA059691</subfield>
    <subfield code="r">2020-10-16</subfield>
    <subfield code="s">2020-04-20</subfield>
    <subfield code="w">2016-07-05</subfield>
    <subfield code="y">LMA</subfield>
  </datafield>
  <datafield tag="952" ind1=" " ind2=" ">
    <subfield code="0">0</subfield>
    <subfield code="1">0</subfield>
    <subfield code="2">ddc</subfield>
    <subfield code="4">0</subfield>
    <subfield code="6">LMA_TY_2015_000000000000000_B498_OR_6</subfield>
    <subfield code="7">0</subfield>
    <subfield code="9">48047</subfield>
    <subfield code="a">LBB</subfield>
    <subfield code="b">LBB</subfield>
    <subfield code="c">B498</subfield>
    <subfield code="d">2016-07-05</subfield>
    <subfield code="l">6</subfield>
    <subfield code="m">2</subfield>
    <subfield code="o">LMA TY 2015 B498 Or.6</subfield>
    <subfield code="p">RUA057528</subfield>
    <subfield code="r">2021-02-15</subfield>
    <subfield code="s">2021-01-27</subfield>
    <subfield code="w">2016-07-05</subfield>
    <subfield code="y">LMA</subfield>
  </datafield>
  <datafield tag="952" ind1=" " ind2=" ">
    <subfield code="0">0</subfield>
    <subfield code="1">0</subfield>
    <subfield code="2">ddc</subfield>
    <subfield code="4">0</subfield>
    <subfield code="6">LMA_TY_2015_000000000000000_B498_OR_7</subfield>
    <subfield code="7">0</subfield>
    <subfield code="9">48048</subfield>
    <subfield code="a">LBB</subfield>
    <subfield code="b">LBB</subfield>
    <subfield code="c">B498</subfield>
    <subfield code="d">2016-07-05</subfield>
    <subfield code="l">1</subfield>
    <subfield code="o">LMA TY 2015 B498 Or.7</subfield>
    <subfield code="p">RUA058376</subfield>
    <subfield code="r">2019-08-07</subfield>
    <subfield code="s">2019-07-10</subfield>
    <subfield code="w">2016-07-05</subfield>
    <subfield code="y">LMA</subfield>
  </datafield>
</record>
